| 000 | 01053nam0a22002891 4500 | ||
|---|---|---|---|
| 001 | rc\2161866 | ||
| 005 | 20250623064202.0 | ||
| 035 | _a(NLR Aleph) 006640148 | ||
| 090 |
_a7636858 _c7636858 |
||
| 100 | _a20110829d1979 |||y0rusy50 ca | ||
| 101 | 0 | _arus | |
| 102 | _aRU | ||
| 105 | _aa z ||||| | ||
| 200 | 1 |
_aХарактеристики теплового самовоспламенения в условиях естественной конвекции _fЭ.А. Штессель, К.В. Прибыткова, Л.А. Жукова |
|
| 210 |
_aЧерноголовка _cОИХФ _d1979 |
||
| 215 |
_a12 с. _cил. _d21 |
||
| 225 | 1 |
_aПрепринт _fАН СССР, Ин-т хим. физики |
|
| 320 | _aБиблиогр.: с. 11-12 | ||
| 700 | 1 |
_aШтессель _bЭ.А. _gЭмиль Абрамович |
|
| 701 | 1 |
_aЖукова _bЛ.А. |
|
| 701 | 1 |
_aПрибыткова _bК.В. |
|
| 801 | 0 |
_aRU _bNLR _gpsbo |
|
| 801 | 1 |
_aRU _bELAR _2rusmarc |
|
| 852 |
_aNLR _j79-6/1248 |
||
| 899 |
_aRuMoRGB _jB 79-30/1381 |
||
| 942 | _cBOOK | ||
| 980 | _aNB | ||